Normal view
MARC view
- Rajesh Srivastava
Entry Personal Name
001 - CONTROL NUMBER
- control field: 4917
003 - CONTROL NUMBER IDENTIFIER
- control field: OSt
005 - DATE AND TIME OF LATEST TRANSACTION
- control field: 20210806104248.0
008 - FIXED-LENGTH DATA ELEMENTS
- fixed length control field: 210806|| aca||aabn | a|a d
040 ## - CATALOGING SOURCE
- Original cataloging agency: OSt
- Transcribing agency: OSt
100 ## - HEADING--PERSONAL NAME
- Personal name: Rajesh Srivastava
- Personal name: Ashu Jain
670 ## - SOURCE DATA FOUND
- Source citation: Work cat.: (OSt): Rajesh Srivastava Ashu Jain, Engineering hydrology, 2017
